| 000 | 00590nam a2200181 i 4500 | ||
|---|---|---|---|
| 001 | 93230 | ||
| 003 | ES-MaACL | ||
| 005 | 20251019063050.0 | ||
| 007 | t| | ||
| 008 | 050408s1945 ag ||||1| spa d | ||
| 100 | 1 |
_aVan Loon, Hendrik Willem, _d1882-1944 _9170485 |
|
| 245 | 1 | 0 |
_aThomas Jefferson / _cHendrik Willem van Loon; traducción de D. A. de Santillán. |
| 260 |
_aBuenos Aires : _bAméricalee, _c1945. |
||
| 300 |
_a122 p. : _bil. ; _c24 cm. |
||
| 700 | 1 |
_aAbad de Santillán, Diego, _d1897-1983 _917923 |
|
| 852 |
_aES-MaACL _jC-4308 _bR.24246 |
||
| 999 |
_c93230 _d93230 |
||